Online Catalogue and eLibrary

Gender analysis in development planning : (Record no. 2222)

MARC details
000 -LEADER
fixed length control field 00242nam a2200097Ia 4500
008 - FIXED-LENGTH DATA ELEMENTS--GENERAL INFORMATION
fixed length control field 240331s9999 xx 000 0 und d
082 ## - DDC Classification
Item Number - Author Mark GEN
100 ## - MAIN ENTRY--PERSONAL NAME
Personal name Rao, A. ed
245 #0 - TITLE STATEMENT
Title Gender analysis in development planning :
Remainder of title a case book
942 ## - Koha item type (Biblio)
Koha item type Books in Stacks (Lending)

No items available.

© WERC Library